00357nam a2200121Ia 4500008004100000082001500041100001900056245004300075260002300118300000800141630004300149730004300192100122s9999 xx 000 0 und d b24485a824 aPUBLISHER HOME aGOOD ENGLISH HOW TO SPEAK AND WRITE IT bLIBRARY CLUBc1932 a632 aGOOD ENGLISH HOW TO SPEAK AND WRITE IT aGOOD ENGLISH HOW TO SPEAK AND WRITE IT